[Event "4NCL/Div2/3CS1 vs. ATH1"]
[Site "Telford ENG"]
[Date "2003.01.18"]
[Round "3.4"]
[White "Stevenson, James AB"]
[Black "Ashton, Adam G"]
[Result "0-1"]
[WhiteElo "2124"]
[BlackElo "2175"]
[PlyCount "66"]
[EventDate "2003.01.18"]

1. e4 e5 2. f4 exf4 3. Be2 d5 4. exd5 Nf6 5. Nf3 Bd6 6. c4 c6 7. dxc6 Nxc6 8.
d4 O-O 9. Nc3 Bc7 10. O-O Bg4 11. d5 Ne7 12. Kh1 Ng6 13. Nd4 Qd7 14. Qb3 Bb6
15. Nf3 Rfe8 16. Bd2 Qf5 17. Rae1 Nh5 18. Qd1 Ng3+ 19. hxg3 Qh5+ 20. Nh4 Rxe2
21. Bxf4 Nxh4 22. gxh4 Qxh4+ 23. Bh2 Bc7 24. d6 Bxd6 25. Qxd6 Rxe1 26. Rxe1
Qxe1+ 27. Bg1 Re8 28. g3 Bf3+ 29. Kh2 h5 30. Qd4 Bc6 31. Nd5 Re2+ 32. Kh3 Qf1+
33. Kh4 g5+ 0-1

[Event "4NCL/Div2/3CS1 vs. ATH1"]
[Site "Telford ENG"]
[Date "2003.01.18"]
[Round "3.5"]
[White "Taylor, Robert M"]
[Black "Milligan, Helen"]
[Result "1-0"]
[WhiteElo "2165"]
[BlackElo "2111"]
[PlyCount "117"]
[EventDate "2003.01.18"]

1. e4 c5 2. Nc3 Nc6 3. f4 g6 4. Nf3 Bg7 5. Bb5 d6 6. Bxc6+ bxc6 7. O-O Nh6 8.
Qe1 O-O 9. d3 Kh8 10. Kh1 Ng8 11. Qh4 Nf6 12. Ng5 h5 13. e5 Nh7 14. exd6 Qxd6
15. Nge4 Qc7 16. Nxc5 Bf5 17. Nb3 Rfd8 18. Be3 Rab8 19. Bc5 Bf6 20. Qf2 a5 21.
Rae1 Nf8 22. Bd4 Ne6 23. Bxf6+ exf6 24. a4 Rb4 25. Ne4 Bxe4 26. dxe4 Nd4 27.
Nxd4 Rbxd4 28. e5 f5 29. Qh4 R4d7 30. Qf6+ Kh7 31. h3 Re8 32. Re2 Re6 33. Qh4
Qb6 34. g4 fxg4 35. hxg4 Qd4 36. gxh5 gxh5 37. Qh3 Rg6 38. Qf3 Qd5 39. Qxd5
Rxd5 40. f5 Rg8 41. e6 fxe6 42. fxe6 Re8 43. b3 Rd6 44. e7 Rd7 45. Rfe1 Kg7 46.
Re6 Rc7 47. R6e5 Kf7 48. Rxh5 Rcxe7 49. Rxe7+ Rxe7 50. Rh7+ Ke8 51. Rxe7+ Kxe7
52. Kg2 Kd6 53. Kf3 Kd5 54. Ke3 Kc5 55. Ke4 Kb6 56. Kd4 Ka7 57. Kc5 Kb7 58. Kd6
Kb6 59. c4 1-0

[Event "4NCL/Div2/3CS1 vs. ATH1"]
[Site "Telford ENG"]
[Date "2003.01.18"]
[Round "3.6"]
[White "Wismayer, Clive R"]
[Black "Bentley, John L"]
[Result "1/2-1/2"]
[WhiteElo "2088"]
[BlackElo "2163"]
[PlyCount "114"]
[EventDate "2003.01.18"]

1. e4 c5 2. Nf3 g6 3. c3 Bg7 4. d4 cxd4 5. cxd4 d5 6. exd5 Nf6 7. Bb5+ Nbd7 8.
d6 exd6 9. Qe2+ Qe7 10. Qxe7+ Kxe7 11. O-O Nb6 12. Re1+ Be6 13. Nc3 a6 14. Bf1
h6 15. Bd2 Rac8 16. b3 Kd7 17. h3 Rc7 18. Bd3 Rhc8 19. Ne2 Nbd5 20. g4 Ng8 21.
Rad1 Nge7 22. Kh2 Nc6 23. Kg3 Ncb4 24. Bxb4 Nxb4 25. Bb1 Nd5 26. h4 Rf8 27. Rc1
Rxc1 28. Rxc1 f5 29. g5 Re8 30. Nf4 Nxf4 31. Kxf4 Bd5 32. Rd1 Re2 33. Kg3 Be4
34. Ng1 Rb2 35. Bxe4 fxe4 36. Nh3 hxg5 37. hxg5 Ke6 38. Kg4 d5 39. Nf4+ Kd6 40.
Kg3 Rxa2 41. Nxg6 Rb2 42. Nh4 Ke6 43. f4 exf3 44. Kxf3 Rxb3+ 45. Kf4 a5 46. Nf5
Bf8 47. Re1+ Kf7 48. Rc1 Rb2 49. Rc7+ Ke6 50. Ng7+ Bxg7 51. Rxg7 Rf2+ 52. Ke3
Rf7 53. Rg6+ Kf5 54. Rd6 Kxg5 55. Rxd5+ Rf5 56. Rd8 Kf6 57. Rd6+ Kg5 1/2-1/2

[Event "4NCL/Div2/3CS1 vs. ATH1"]
[Site "Telford ENG"]
[Date "2003.01.18"]
[Round "3.7"]
[White "Gordon, Stephen J"]
[Black "Gruettner, Ralf"]
[Result "1-0"]
[WhiteElo "2159"]
[BlackElo "2053"]
[PlyCount "109"]
[EventDate "2003.01.18"]

1. c4 Nf6 2. g3 g6 3. Bg2 Bg7 4. Nc3 O-O 5. e4 d6 6. Nge2 e5 7. O-O Nc6 8. d3
Bd7 9. h3 Nh5 10. Kh2 f5 11. exf5 gxf5 12. f4 Kh8 13. Be3 Ne7 14. Qd2 c6 15.
fxe5 dxe5 16. d4 Ng6 17. dxe5 Nxe5 18. b3 Qc7 19. Nf4 Nf6 20. Bc5 Rfe8 21. Rae1
Qa5 22. Ne4 Qxd2 23. Nxd2 Nf7 24. Rxe8+ Rxe8 25. Nf3 a6 26. Rd1 Bc8 27. Bd4 Ne4
28. Nh5 Bxd4 29. Rxd4 Rd8 30. Rxd8+ Nxd8 31. Ne5 Nc3 32. a4 a5 33. Bf1 Ne6 34.
Nf7+ Kg8 35. Nd6 Nc5 36. Nxc8 Nxb3 37. Ne7+ Kf7 38. Nxf5 Nc5 39. Nd4 N3xa4 40.
Nf4 Nc3 41. Nd3 N5e4 42. Kg2 a4 43. Nc2 b5 44. Ne5+ Kf6 45. Nxc6 bxc4 46. Bxc4
h6 47. N6b4 Nd2 48. Nd5+ Kg5 49. Nxc3 Nxc4 50. Nxa4 h5 51. Ne1 Ne3+ 52. Kf2 Nf5
53. Nf3+ Kf6 54. Nc3 Kg6 55. Nh4+ 1-0

[Event "4NCL/Div2/3CS1 vs. ATH1"]
[Site "Telford ENG"]
[Date "2003.01.18"]
[Round "3.8"]
[White "Pedersen, Carsten"]
[Black "Kosteniuk, Oxana"]
[Result "1-0"]
[WhiteElo "1944"]
[BlackElo "2184"]
[PlyCount "85"]
[EventDate "2003.01.18"]

1. e4 c5 2. Nc3 Nc6 3. g3 d6 4. Bg2 Nf6 5. d3 g6 6. f4 Bg7 7. Nf3 Bg4 8. h3
Bxf3 9. Qxf3 Nd4 10. Qf2 Nd7 11. O-O O-O 12. Nd5 Nb6 13. Ne3 Rc8 14. Kh1 Nd7
15. g4 b5 16. g5 f6 17. h4 e6 18. c3 Nc6 19. Qg3 Ne7 20. Bd2 f5 21. h5 Nb6 22.
Rae1 Qc7 23. Qh3 Rfe8 24. h6 Bh8 25. exf5 Nxf5 26. Nxf5 exf5 27. Bf3 Qd7 28.
Qg2 Qf7 29. b3 Rxe1 30. Rxe1 Re8 31. Rxe8+ Qxe8 32. Bc6 Qe7 33. Bxb5 d5 34. a4
a5 35. Kg1 Kf8 36. Kf1 Qe6 37. Qe2 Qxe2+ 38. Kxe2 Ke7 39. c4 dxc4 40. dxc4 Bb2
41. Bxa5 Nc8 42. Kd3 Ba3 43. Bc7 1-0

[Event "4NCL/Div2/GUI2 vs. NWE1"]
[Site "Telford ENG"]
[Date "2003.01.18"]
[Round "3.1"]
[White "Povah, Nigel E"]
[Black "Shaw, John K"]
[Result "1/2-1/2"]
[WhiteElo "2360"]
[BlackElo "2470"]
[PlyCount "83"]
[EventDate "2003.01.18"]

1. d4 d5 2. Bg5 h6 3. Bh4 c6 4. Nf3 Qb6 5. Qc1 g5 6. Bg3 g4 7. Ne5 Qxd4 8. e3
Qc5 9. c4 Bg7 10. Nd2 Nd7 11. Nd3 Qb6 12. a4 Nc5 13. cxd5 Nxd3+ 14. Bxd3 cxd5
15. Bb5+ Kf8 16. O-O Bf5 17. Bc7 Qg6 18. Qc5 Nf6 19. Be5 a6 20. Be2 Rc8 21. Qb4
Nd7 22. Bxg7+ Kxg7 23. Qxb7 Qd6 24. Qxa6 Qb4 25. e4 dxe4 26. Qb5 Qxd2 27. Qxf5
Nf6 28. Bxg4 Rc2 29. Rae1 e6 30. Qe5 Qg5 31. Qxg5+ hxg5 32. Re2 Rc4 33. b3 Rb4
34. h3 Rxb3 35. Ra1 Ra8 36. a5 Ra7 37. a6 Rb6 38. Rea2 Nd5 39. Ra5 Kf6 40. Be2
Nf4 41. Bf1 Nd5 42. Re1 1/2-1/2

[Event "4NCL/Div2/GUI2 vs. NWE1"]
[Site "Telford ENG"]
[Date "2003.01.18"]
[Round "3.2"]
[White "Hanley, Craig A"]
[Black "Thompson, Ian D"]
[Result "1-0"]
[WhiteElo "2359"]
[BlackElo "2256"]
[PlyCount "71"]
[EventDate "2003.01.18"]

1. e4 e6 2. d4 d5 3. Nc3 Bb4 4. e5 Ne7 5. f4 c5 6. Bd2 Nf5 7. Nf3 O-O 8. dxc5
Bxc5 9. Bd3 Nc6 10. Qe2 a6 11. O-O-O b5 12. g4 Nfd4 13. Nxd4 Nxd4 14. Qg2 Bb7
15. Qh3 g6 16. f5 Qc7 17. Rde1 Rfc8 18. Kb1 b4 19. Ne2 Nxe2 20. Rxe2 a5 21. Rf1
Ba6 22. Bg5 Bxd3 23. Qxd3 a4 24. h4 b3 25. h5 bxa2+ 26. Kxa2 Bf8 27. hxg6 fxg6
28. fxe6 Qc4+ 29. Qxc4 dxc4 30. e7 Bg7 31. Rd2 Re8 32. Rd8 h6 33. Rxa8 Rxa8 34.
Rd1 Re8 35. e6 hxg5 36. Rd8 1-0

[Event "4NCL/Div2/GUI2 vs. NWE1"]
[Site "Telford ENG"]
[Date "2003.01.18"]
[Round "3.3"]
[White "Jackson, Adrian"]
[Black "Crouch, Colin S"]
[Result "0-1"]
[WhiteElo "2232"]
[BlackElo "2388"]
[PlyCount "94"]
[EventDate "2003.01.18"]

1. e4 Nf6 2. e5 Nd5 3. d4 d6 4. Nf3 Bg4 5. Be2 c6 6. c4 Nc7 7. exd6 Qxd6 8. Nc3
Bxf3 9. Bxf3 e5 10. dxe5 Qxe5+ 11. Qe2 Nd7 12. O-O Qxe2 13. Bxe2 Ne6 14. Be3
Bc5 15. Bxc5 Ndxc5 16. b4 Na6 17. a3 Nd4 18. c5 Nxe2+ 19. Nxe2 O-O-O 20. Rfd1
Nc7 21. Nc3 f5 22. f3 Ne6 23. Kf2 Nf4 24. Rxd8+ Rxd8 25. Rd1 a5 26. Rxd8+ Kxd8
27. Na2 Kd7 28. g3 Nd3+ 29. Ke2 Ne5 30. Nc3 Ke6 31. bxa5 Nc4 32. a6 bxa6 33. a4
Na5 34. Kd3 Nb3 35. Kc4 Nd2+ 36. Kb4 Nxf3 37. Ka5 Kd7 38. Kxa6 Kc7 39. h4 Nd2
40. Ka5 Ne4 41. Kb4 Nxg3 42. Kc4 f4 43. Kd3 Kb7 44. Na2 Nf5 45. Ke4 Nxh4 46.
Kxf4 Ng6+ 47. Kg5 Nf8 0-1

[Event "4NCL/Div2/GUI2 vs. NWE1"]
[Site "Telford ENG"]
[Date "2003.01.18"]
[Round "3.4"]
[White "Quillan, Gary"]
[Black "Granat, Russell G"]
[Result "1-0"]
[WhiteElo "2305"]
[BlackElo "2245"]
[PlyCount "77"]
[EventDate "2003.01.18"]

1. e4 Nc6 2. Nf3 e5 3. Bb5 a6 4. Ba4 d6 5. Bxc6+ bxc6 6. d4 exd4 7. Nxd4 c5 8.
Nf3 Be7 9. Nc3 Bb7 10. Bf4 Bf6 11. Qe2 Bxc3+ 12. bxc3 Ne7 13. h4 Ng6 14. Bg5 f6
15. h5 Ne5 16. Nxe5 fxg5 17. h6 g6 18. Ng4 O-O 19. O-O Bc8 20. e5 Qe7 21. Rfe1
Bxg4 22. Qxg4 d5 23. e6 Rf4 24. Qg3 Re8 25. Re5 c6 26. Rae1 Rh4 27. Rxg5 Rxh6
28. c4 dxc4 29. Qe5 Rh4 30. c3 Rf8 31. g3 Rh5 32. Rxh5 gxh5 33. Qxh5 Qf6 34.
Re2 Qg6 35. Qxc5 Qd3 36. Qg5+ Qg6 37. Qe5 Rf5 38. Qe4 Kf8 39. Qxc6 1-0

[Event "4NCL/Div2/GUI2 vs. NWE1"]
[Site "Telford ENG"]
[Date "2003.01.18"]
[Round "3.5"]
[White "Richardson, Keith B"]
[Black "Kennaugh, Charles W"]
[Result "1/2-1/2"]
[WhiteElo "2141"]
[BlackElo "2290"]
[PlyCount "93"]
[EventDate "2003.01.18"]

1. c4 e5 2. Nc3 Bb4 3. Nf3 Bxc3 4. bxc3 Qe7 5. e4 f5 6. exf5 d6 7. Bd3 Nh6 8.
O-O O-O 9. Qe2 Na6 10. Be4 Nxf5 11. d4 c6 12. dxe5 dxe5 13. Bc2 Be6 14. Nxe5
Rae8 15. Re1 Qc5 16. Bd3 Qa5 17. a4 Qxc3 18. Bb2 Qa5 19. g4 Nh4 20. Qe4 g6 21.
g5 Nf5 22. Ng4 Bd7 23. Be5 Nc5 24. Qf3 Qd2 25. Bxf5 Qxg5 26. h4 Qxh4 27. Qf4 g5
28. Nf6+ Rxf6 29. Qxh4 gxh4 30. Bxf6 Rxe1+ 31. Rxe1 Bxf5 32. Bxh4 Nxa4 33. Re7
Nb2 34. Rxb7 Nxc4 35. Rxa7 Ne5 36. Bg3 Nf7 37. Rc7 Be4 38. Kf1 Kg7 39. Ke2 Kf6
40. Ke3 Bd5 41. Kf4 Kg6 42. Bh4 Nd6 43. Bg3 Nf7 44. Rc8 Nd6 45. Rd8 Nf5 46. Rf8
Nd4 47. Ke3 1/2-1/2

[Event "4NCL/Div2/GUI2 vs. NWE1"]
[Site "Telford ENG"]
[Date "2003.01.18"]
[Round "3.6"]
[White "Lund, D Brett"]
[Black "Norman, Kenneth I"]
[Result "1-0"]
[WhiteElo "2255"]
[BlackElo "2141"]
[PlyCount "71"]
[EventDate "2003.01.18"]

1. c4 c5 2. g3 Nf6 3. Bg2 d5 4. cxd5 Nxd5 5. Nc3 Nc7 6. Nf3 Nc6 7. O-O e5 8.
Ne1 Bd7 9. Nd3 f6 10. b3 Be7 11. f4 exf4 12. Nxf4 O-O 13. e3 Bd6 14. Bb2 Rc8
15. d4 b6 16. Ne4 Bxf4 17. gxf4 Nd5 18. Qd2 cxd4 19. exd4 Bf5 20. Ba3 Bxe4 21.
Bxe4 Re8 22. Bf5 Ne3 23. Bxc8 Nxf1 24. Rxf1 Nxd4 25. Kf2 Re2+ 26. Qxe2 Nxe2 27.
Be6+ Kh8 28. Kxe2 Qd4 29. Bf5 Qd5 30. Rd1 Qg2+ 31. Ke3 g6 32. Be4 Qh3+ 33. Bf3
h5 34. Bb2 Kh7 35. Bxf6 Qe6+ 36. Be5 1-0

[Event "4NCL/Div2/GUI2 vs. NWE1"]
[Site "Telford ENG"]
[Date "2003.01.18"]
[Round "3.7"]
[White "Anderton, Matthew N"]
[Black "Richards, Heather"]
[Result "1-0"]
[WhiteElo "2208"]
[BlackElo "2221"]
[PlyCount "59"]
[EventDate "2003.01.18"]

1. e4 e6 2. d4 d5 3. Nc3 Nf6 4. Bg5 dxe4 5. Nxe4 Nbd7 6. Nf3 Be7 7. Nxf6+ Nxf6
8. Bd3 c5 9. Qd2 cxd4 10. O-O O-O 11. Rfe1 Qb6 12. Qf4 Rd8 13. Ne5 Qxb2 14.
Rab1 Qc3 15. Kf1 a5 16. Rb3 Qc5 17. Bxh7+ Kxh7 18. Rh3+ Kg8 19. Qh4 Kf8 20.
Qh8+ Ng8 21. Rh7 Bxg5 22. Qxg7+ Ke7 23. Qxg5+ Nf6 24. Rxf7+ Kd6 25. Qxf6 Re8
26. Qf4 Qd5 27. Nc4+ Kc5 28. Rc7+ Kb5 29. Re5 Ka6 30. Qxd4 1-0

[Event "4NCL/Div2/GUI2 vs. NWE1"]
[Site "Telford ENG"]
[Date "2003.01.18"]
[Round "3.8"]
[White "Littlewood, John E"]
[Black "Yurenok, Maria S"]
[Result "1-0"]
[WhiteElo "2286"]
[BlackElo "2103"]
[PlyCount "63"]
[EventDate "2003.01.18"]

1. e4 c5 2. c3 d5 3. exd5 Qxd5 4. d4 Nf6 5. Nf3 Bg4 6. Be2 e6 7. Na3 Be7 8. Nb5
Na6 9. Be3 O-O 10. h3 Bh5 11. c4 Qd8 12. O-O Qb6 13. a3 Rfd8 14. g4 Bg6 15. b4
cxb4 16. axb4 Nxb4 17. c5 Qc6 18. Ne5 Qc8 19. Nxa7 Rxa7 20. Rxa7 Bxc5 21. Nxg6
hxg6 22. Ra4 Bd6 23. Qb3 Nfd5 24. Rc1 Qd7 25. Bd2 Qe7 26. Bf3 Rb8 27. Bxb4 Nxb4
28. Ra7 Qg5 29. Rd1 Qf4 30. Bg2 b6 31. Qf3 Qg5 32. Qxf7+ 1-0

[Event "4NCL/Div2/BAR3 vs. WRO1"]
[Site "Telford ENG"]
[Date "2003.01.18"]
[Round "3.1"]
[White "Twyble, Michael S"]
[Black "McFarland, Robert S"]
[Result "1/2-1/2"]
[WhiteElo "2238"]
[BlackElo "2292"]
[PlyCount "35"]
[EventDate "2003.01.18"]

1. d4 g6 2. e4 Bg7 3. c4 d6 4. Nc3 Nf6 5. Nf3 O-O 6. Be2 e5 7. d5 a5 8. Bg5 h6
9. Bh4 Na6 10. Nd2 Qe8 11. O-O Bd7 12. a3 a4 13. Nb5 Bxb5 14. cxb5 Nc5 15. Qc2
Nfd7 16. f3 Bf6 17. Bf2 b6 18. b4 1/2-1/2

[Event "4NCL/Div2/BAR3 vs. WRO1"]
[Site "Telford ENG"]
[Date "2003.01.18"]
[Round "3.2"]
[White "Pesic, Ninoslav"]
[Black "Taylor, Peter"]
[Result "1-0"]
[WhiteElo "2345"]
[BlackElo "2226"]
[PlyCount "129"]
[EventDate "2003.01.18"]

1. e4 c6 2. d4 d5 3. exd5 cxd5 4. c4 Nf6 5. Nc3 e6 6. Nf3 Bb4 7. cxd5 Nxd5 8.
Bd2 Nc6 9. Bd3 Nf6 10. Bb5 O-O 11. Bxc6 bxc6 12. Qa4 Qb6 13. O-O Be7 14. Qc2
Ba6 15. Rfc1 Qd8 16. Ne5 Rc8 17. Ne4 Nxe4 18. Qxe4 Qd5 19. Qxd5 cxd5 20. Be3
Bb7 21. f4 Rfd8 22. Kf2 f6 23. Nf3 Kf7 24. Bd2 Rxc1 25. Rxc1 Rc8 26. Rxc8 Bxc8
27. Bc3 Ba6 28. Ke3 Bd6 29. g3 Ke7 30. Ne1 Kd7 31. Nc2 Bb7 32. Bb4 Bc7 33. Bf8
g6 34. Bc5 Bb8 35. Nb4 h6 36. Bf8 h5 37. Nd3 Bc8 38. Bb4 Bd6 39. Bc3 Kc6 40.
Ba5 Be7 41. Bc3 Kb5 42. Kd2 Bd6 43. b3 Bd7 44. a4+ Kb6 45. Bb4 Bxb4+ 46. Nxb4
Bc8 47. Kc3 Kc7 48. Nd3 Kd6 49. b4 a6 50. b5 axb5 51. axb5 Kc7 52. Kb4 Kb6 53.
Nc5 Kc7 54. Ka5 g5 55. fxg5 fxg5 56. h4 gxh4 57. gxh4 e5 58. dxe5 d4 59. Kb4
Bg4 60. e6 Kd6 61. b6 Bf3 62. Kc4 d3 63. Kxd3 Kxc5 64. e7 Bc6 65. b7 1-0

[Event "4NCL/Div2/BAR3 vs. WRO1"]
[Site "Telford ENG"]
[Date "2003.01.18"]
[Round "3.3"]
[White "Sands, David A"]
[Black "Gayson, Peter M"]
[Result "1/2-1/2"]
[WhiteElo "2252"]
[BlackElo "2257"]
[PlyCount "34"]
[EventDate "2003.01.18"]

1. d4 f5 2. g3 g6 3. Bg2 Bg7 4. Nf3 Nf6 5. O-O O-O 6. c4 d6 7. Nc3 Qe8 8. b3 e5
9. dxe5 dxe5 10. e4 Nc6 11. Nd5 fxe4 12. Ng5 Nxd5 13. cxd5 Nd4 14. Nxe4 Bf5 15.
Bb2 Bxe4 16. Bxe4 Qd7 17. Rc1 Rae8 1/2-1/2

[Event "4NCL/Div2/BAR3 vs. WRO1"]
[Site "Telford ENG"]
[Date "2003.01.18"]
[Round "3.4"]
[White "Gourlay, Iain"]
[Black "Rich, Mark"]
[Result "1/2-1/2"]
[WhiteElo "2257"]
[BlackElo "2227"]
[PlyCount "76"]
[EventDate "2003.01.18"]

1. Nf3 d6 2. c4 e5 3. Nc3 f5 4. d3 Nf6 5. g3 g6 6. Bg2 Bg7 7. O-O O-O 8. Rb1
Nc6 9. b4 h6 10. b5 Ne7 11. a4 c5 12. bxc6 bxc6 13. c5 Ned5 14. Bb2 Re8 15.
cxd6 Qxd6 16. Nd2 Rb8 17. Qc1 Nxc3 18. Qxc3 Nd5 19. Qa5 Qb4 20. Bc3 Qxa5 21.
Bxa5 Bd7 22. Rfc1 Bf8 23. Nc4 Rxb1 24. Rxb1 Bc5 25. Bd2 g5 26. Rc1 e4 27. dxe4
fxe4 28. e3 Nf6 29. Bc3 Nd5 30. Be5 Nb6 31. Nxb6 axb6 32. Bc7 Rc8 33. Be5 Ra8
34. Rc4 Be6 35. Rxe4 Bd5 36. Rg4 Be6 37. Re4 Bd5 38. Rg4 Be6 1/2-1/2

[Event "4NCL/Div2/BAR3 vs. WRO1"]
[Site "Telford ENG"]
[Date "2003.01.18"]
[Round "3.5"]
[White "Williamson, Paul L"]
[Black "Thurlow, Kevin J"]
[Result "1/2-1/2"]
[WhiteElo "2149"]
[BlackElo "2203"]
[PlyCount "34"]
[EventDate "2003.01.18"]

1. d4 Nf6 2. c4 e6 3. Nc3 d5 4. Nf3 c5 5. cxd5 exd5 6. Bg5 Be6 7. g3 Nc6 8. Bg2
cxd4 9. Nxd4 Bc5 10. e3 h6 11. Nxc6 bxc6 12. Bxf6 Qxf6 13. O-O O-O 14. Rc1 Bb6
15. Na4 Rfc8 16. Qd2 Rab8 17. Nxb6 axb6 1/2-1/2

[Event "4NCL/Div2/BAR3 vs. WRO1"]
[Site "Telford ENG"]
[Date "2003.01.18"]
[Round "3.6"]
[White "Toothill, John"]
[Black "Galloway, Iain"]
[Result "1/2-1/2"]
[WhiteElo "2172"]
[BlackElo "2118"]
[PlyCount "39"]
[EventDate "2003.01.18"]

1. e4 c5 2. Nf3 d6 3. Bb5+ Bd7 4. a4 Nc6 5. O-O g6 6. Re1 Bg7 7. c3 e5 8. d3
Nge7 9. Be3 O-O 10. d4 cxd4 11. cxd4 d5 12. exd5 Nxd4 13. Nxd4 exd4 14. Bxd4
Bxd4 15. Qxd4 Bxb5 16. axb5 Qxd5 17. Qf6 Nf5 18. Nc3 Qb3 19. g4 Ng7 20. Re2
1/2-1/2

[Event "4NCL/Div2/BAR3 vs. WRO1"]
[Site "Telford ENG"]
[Date "2003.01.18"]
[Round "3.7"]
[White "Bhatia, Kanwal K"]
[Black "van Kemenade, Rudy"]
[Result "0-1"]
[WhiteElo "2047"]
[BlackElo "2140"]
[PlyCount "52"]
[EventDate "2003.01.18"]

1. e4 e5 2. Nf3 Nf6 3. Nxe5 d6 4. Nf3 Nxe4 5. d4 d5 6. Bd3 Nc6 7. O-O Bg4 8. c3
Be7 9. Re1 f5 10. Nbd2 O-O 11. Qb3 Kh8 12. Ne5 Nxe5 13. dxe5 Nxf2 14. Bc2 Bc5
15. Nf1 f4 16. Bd2 Qh4 17. Be3 fxe3 18. Nxe3 Nh3+ 19. Kh1 Bxe3 20. Rxe3 Qf2 21.
gxh3 Qxe3 22. hxg4 Qf3+ 23. Kg1 Qxg4+ 24. Kh1 Qf3+ 25. Kg1 Rf4 26. h3 Qg3+ 0-1

[Event "4NCL/Div2/BAR3 vs. WRO1"]
[Site "Telford ENG"]
[Date "2003.01.18"]
[Round "3.8"]
[White "Keeling, Karen"]
[Black "Macnab, Louise C"]
[Result "1/2-1/2"]
[WhiteElo "1971"]
[BlackElo "1944"]
[PlyCount "57"]
[EventDate "2003.01.18"]

1. c4 c6 2. e4 d5 3. exd5 cxd5 4. cxd5 Nf6 5. Nc3 Nxd5 6. d4 e6 7. Nf3 Bb4 8.
Bd2 Nc6 9. a3 Be7 10. Bd3 O-O 11. O-O b6 12. Be4 Bf6 13. Nxd5 exd5 14. Bxh7+
Kxh7 15. Qc2+ g6 16. Qxc6 Ba6 17. Rfe1 Rh8 18. Rac1 Rc8 19. Qa4 Bc4 20. Qd1 Kg7
21. Bf4 Qd7 22. Qd2 Qf5 23. Be5 Bb3 24. Bxf6+ Qxf6 25. Rc3 Ba4 26. Rec1 Bd7 27.
Ne5 Rxc3 28. Rxc3 Be6 29. Nf3 1/2-1/2

[Event "4NCL/Div2/PPA1 vs. KHE"]
[Site "Telford ENG"]
[Date "2003.01.18"]
[Round "3.1"]
[White "Swanson, Stephen"]
[Black "McMichael, Richard"]
[Result "1-0"]
[WhiteElo "2291"]
[BlackElo "2294"]
[PlyCount "57"]
[EventDate "2003.01.18"]

1. e4 e6 2. d3 d5 3. Nd2 Nf6 4. f4 Be7 5. Ngf3 b6 6. e5 Ng4 7. Qe2 Bc5 8. Nb3
Be7 9. g3 Bb7 10. Bg2 h5 11. Bd2 c5 12. O-O-O Nc6 13. f5 exf5 14. h3 Nh6 15.
Rhe1 Bc8 16. c4 Be6 17. Kb1 Qd7 18. Ng5 Bxg5 19. Bxg5 Nb4 20. a3 a5 21. axb4
axb4 22. cxd5 Bxd5 23. Bxd5 Qxd5 24. Qc2 f4 25. Bxh6 Rxh6 26. gxf4 Qc6 27. f5
Qa4 28. e6 Rf6 29. Qc4 1-0

[Event "4NCL/Div2/PPA1 vs. KHE"]
[Site "Telford ENG"]
[Date "2003.01.18"]
[Round "3.2"]
[White "Thomas, Richard H"]
[Black "Harley, Andrew"]
[Result "1-0"]
[WhiteElo "2204"]
[BlackElo "2260"]
[PlyCount "167"]
[EventDate "2003.01.18"]

1. d4 e6 2. c4 Nf6 3. g3 Bb4+ 4. Bd2 Be7 5. Bg2 d5 6. Nf3 O-O 7. O-O c6 8. Qc2
Nbd7 9. Bf4 Nh5 10. Nbd2 g5 11. Be3 f5 12. Nb3 f4 13. Bd2 g4 14. Ne1 Bg5 15.
Nd3 f3 16. exf3 gxf3 17. Bh1 Qf6 18. Bxf3 Qxf3 19. Bxg5 Rf5 20. Be3 Nxg3 21.
fxg3 Qxe3+ 22. Nf2 Nb6 23. Rae1 Qg5 24. cxd5 exd5 25. Re8+ Kf7 26. Rfe1 Bd7 27.
Rxa8 Nxa8 28. Nc5 Bc8 29. Qe2 Nc7 30. Nfd3 b6 31. Nb3 Ba6 32. Ne5+ Kg7 33. Qc2
Qf6 34. Nd2 Bb7 35. Qc3 Ne6 36. b4 Ng5 37. Qe3 Bc8 38. Ng4 Qf7 39. h4 Nf3+ 40.
Nxf3 Rxf3 41. Qg5+ Qg6 42. Qe7+ Rf7 43. Qe5+ Kg8 44. Qe8+ Rf8 45. Qxg6+ hxg6
46. Ne5 Rf6 47. Re3 Re6 48. Rc3 Bb7 49. Kf2 Kg7 50. Ra3 a6 51. Rc3 Re7 52. g4
a5 53. bxa5 bxa5 54. g5 a4 55. Rc5 a3 56. Ra5 Bc8 57. Nxc6 Rc7 58. Ne5 Rc2+ 59.
Ke3 Rxa2 60. Ra7+ Kf8 61. Ra8 Rc2 62. Rxa3 Bf5 63. Ra8+ Kg7 64. Ra7+ Kg8 65.
Nd7 Bxd7 66. Rxd7 Rh2 67. Rxd5 Rxh4 68. Re5 Rh1 69. Ke4 Ra1 70. Kd5 Ra6 71. Kc5
Kf8 72. d5 Kf7 73. Re1 Ra2 74. d6 Rc2+ 75. Kb6 Rd2 76. Kc6 Rc2+ 77. Kd7 Rc5 78.
Rf1+ Kg7 79. Ke6 Rc2 80. Rf7+ Kg8 81. Rf6 Kg7 82. d7 Rd2 83. Ke7 Re2+ 84. Re6
1-0

[Event "4NCL/Div2/PPA1 vs. KHE"]
[Site "Telford ENG"]
[Date "2003.01.18"]
[Round "3.3"]
[White "Moore, Gerald"]
[Black "Cawte, Paul S"]
[Result "1/2-1/2"]
[WhiteElo "2238"]
[BlackElo "2120"]
[PlyCount "102"]
[EventDate "2003.01.18"]

1. Nf3 Nf6 2. c4 Nc6 3. d4 d5 4. cxd5 Nxd5 5. e4 Nb6 6. h3 e6 7. Nc3 Be7 8. Be2
O-O 9. O-O a5 10. Be3 Nb4 11. a3 Na6 12. Rc1 Bd7 13. Qc2 Qb8 14. Rfd1 Rc8 15.
d5 c5 16. dxc6 Rxc6 17. Bxb6 Be8 18. Be3 b5 19. Nd4 Rc5 20. Qd2 b4 21. Nb1 Rc8
22. Bxa6 Rxa6 23. Rxc8 Qxc8 24. e5 f6 25. Rc1 Qb7 26. axb4 axb4 27. Nb3 Ra2 28.
Bc5 fxe5 29. Bxe7 Qxe7 30. Rc8 Kf7 31. Qc2 Kf6 32. Qxh7 Qd7 33. Qh4+ Kf7 34.
Rd8 Qb5 35. N1d2 Rxb2 36. Qg3 Bc6 37. Qd3 Qxd3 38. Rxd3 e4 39. Re3 Bd5 40. f3
exf3 41. gxf3 Kg6 42. Rd3 Kg5 43. Nd4 e5 44. Ne2 Be6 45. Kg2 Kh4 46. Kf2 Ra2
47. Rd8 b3 48. Ne4 Kh5 49. Ke3 Bc4 50. N2c3 Rc2 51. Rb8 g5 1/2-1/2

[Event "4NCL/Div2/PPA1 vs. KHE"]
[Site "Telford ENG"]
[Date "2003.01.18"]
[Round "3.4"]
[White "Wallace, Paul"]
[Black "Byway, Paul"]
[Result "0-1"]
[WhiteElo "2189"]
[BlackElo "2188"]
[PlyCount "56"]
[EventDate "2003.01.18"]

1. e4 c5 2. Nc3 Nc6 3. g3 g6 4. Bg2 Bg7 5. d3 d6 6. f4 e6 7. Nf3 Nge7 8. O-O
O-O 9. g4 f5 10. gxf5 exf5 11. Re1 Nd4 12. e5 Nec6 13. Ng5 dxe5 14. Bd5+ Kh8
15. Nf7+ Rxf7 16. Bxf7 Qh4 17. Rf1 Bd7 18. a3 Bh6 19. Bd5 exf4 20. b4 Ne5 21.
Rf2 Ng4 22. Qf1 f3 23. Bxh6 Qxh6 24. bxc5 Qg5 25. Kh1 Qh4 26. Nd1 Re8 27. c3
Ne2 28. Rxf3 Qxh2# 0-1

[Event "4NCL/Div2/PPA1 vs. KHE"]
[Site "Telford ENG"]
[Date "2003.01.18"]
[Round "3.5"]
[White "Rosen, Daniel B"]
[Black "Mackenzie, Colin"]
[Result "1-0"]
[WhiteElo "2201"]
[BlackElo "2155"]
[PlyCount "107"]
[EventDate "2003.01.18"]

1. e4 e6 2. d4 d5 3. Nc3 Bb4 4. Nge2 dxe4 5. a3 Bxc3+ 6. Nxc3 Nc6 7. Bb5 Nge7
8. Bg5 f6 9. Be3 O-O 10. Qd2 e5 11. dxe5 Nxe5 12. Nxe4 Bf5 13. Ng3 Qxd2+ 14.
Kxd2 Rfd8+ 15. Kc1 Bg6 16. b3 a6 17. Be2 Nd5 18. Bd2 c5 19. f4 Nc6 20. Kb2 Nd4
21. Rac1 Nxe2 22. Nxe2 b5 23. Ng3 c4 24. f5 Bf7 25. Rhe1 a5 26. Ne4 b4 27. axb4
axb4 28. bxc4 Nb6 29. Bxb4 Nxc4+ 30. Kc3 Nb6 31. Bd6 Rac8+ 32. Kb4 Rc4+ 33. Kb5
Na4 34. c3 Bd5 35. Bb4 Nb2 36. Nc5 Rb8+ 37. Ka6 Ra8+ 38. Kb5 Rb8+ 39. Ka6 Bxg2
40. Rb1 Ra8+ 41. Kb5 Rb8+ 42. Ka6 Ra8+ 43. Kb6 Rb8+ 44. Kc7 Rb7+ 45. Kd8 Rb8+
46. Kd7 Na4 47. Nxa4 Bc6+ 48. Kc7 Rb7+ 49. Kc8 Be4+ 50. Nc5 Rbxb4 51. cxb4
Bxf5+ 52. Kc7 Bxb1 53. Rxb1 f5 54. Kc6 1-0

[Event "4NCL/Div2/PPA1 vs. KHE"]
[Site "Telford ENG"]
[Date "2003.01.18"]
[Round "3.6"]
[White "Grigoryan, Meri"]
[Black "Goodger, Martyn"]
[Result "0-1"]
[WhiteElo "2023"]
[BlackElo "2133"]
[PlyCount "38"]
[EventDate "2003.01.18"]

1. e4 e5 2. f4 exf4 3. Nf3 g5 4. h4 g4 5. Ng5 h6 6. Nxf7 Kxf7 7. Bc4+ d5 8.
Bxd5+ Kg7 9. d4 Nf6 10. Nc3 Be7 11. Bxf4 Nh5 12. Be5+ Bf6 13. O-O Nc6 14. Nb5
Nxe5 15. dxe5 Bxe5 16. Rf7+ Kg6 17. Qf1 Qxh4 18. Rg7+ Nxg7 19. Qf7+ Kh7 0-1

[Event "4NCL/Div2/PPA1 vs. KHE"]
[Site "Telford ENG"]
[Date "2003.01.18"]
[Round "3.7"]
[White "Sayers, Raymond"]
[Black "McVicar, John"]
[Result "1/2-1/2"]
[WhiteElo "2145"]
[BlackElo "2085"]
[PlyCount "47"]
[EventDate "2003.01.18"]

1. e4 c5 2. Nf3 Nc6 3. Bb5 g6 4. O-O Bg7 5. Re1 a6 6. Bxc6 dxc6 7. d3 e5 8. Be3
b6 9. a4 a5 10. h3 Ne7 11. Qd2 O-O 12. Bh6 f6 13. Bxg7 Kxg7 14. Nc3 Be6 15. Ne2
Nc8 16. Nh2 Nd6 17. Qc3 Nf7 18. f4 Qd6 19. Rf1 exf4 20. Nxf4 Ne5 21. Nxe6+ Qxe6
22. Nf3 Nxf3+ 23. Rxf3 Ra7 24. Raf1 1/2-1/2